| 000 | 00865cam a2200253 i 4500 | ||
|---|---|---|---|
| 001 | 18619473 | ||
| 003 | OSt | ||
| 005 | 20210218124210.0 | ||
| 008 | 150421s2012 ck l 000 0 spa | ||
| 020 | _a9789585709072 | ||
| 035 | _a(BO-CbLA)la1504R3444 | ||
| 040 |
_aDLC _cCO-JMCR |
||
| 041 | _aspa | ||
| 082 | 0 | 4 |
_a345.9861 / _bC718c _223 |
| 110 | 1 |
_aColombia. _bMinisterio de Justicia y del Derecho. _913631 |
|
| 245 | 1 | 0 |
_aCódigo general del proceso : _bley 1564 de 2012 / _cMinisterio de Justicia y del Derecho. |
| 250 | _aPrimera edición. | ||
| 260 |
_aBogotá : _bMinisterio de Justicia y del Derecho, _c2012 |
||
| 300 |
_a395 páginas ; _c24 cm + _e1 CD-ROM. |
||
| 505 | 0 | _aLey 1564 2012 -- Decreto 1736 de 2012 | |
| 610 | 1 | 0 |
_aColombia. _tCódigo General del Proceso. _913640 |
| 650 | 1 | 4 |
_aProceso _xLey 1564 de 2012 _zColombia. _913641 |
| 942 |
_2ddc _cBK |
||
| 999 |
_c7238 _d7238 |
||